Policz do 10 po francusku - Statystyki

Ogólne statystyki
  • Ten quiz został rozwiązany 13 razy
  • Średni wynik to 6 z 10
Statystyki odpowiedzi
Nic Liczby % Poprawnych
1 Un
92%
4 Quatre
77%
3 Trois
69%
2 Deux
62%
9 Neuf
62%
6 Six
62%
5 Cinq
46%
10 Dix
46%
8 Huit
46%
7 Sept
38%
Nie znaleziono quizów pasujących do podanych kryteriów
Rozkład punktacji
Procent ludzi z każdym wynikiem
Percentyl według liczby udzielonych odpowiedzi
Twoja historia wyników
Nie rozwiązałeś tego quizu